'White' Things Quiz Stats

 Plays Quiz Updated Aug 8, 2018

Score 0/18 Timer 04:00
7 Plays Today
% Correct
White Tiger
98.5%
The White House
98.4%
Great White Shark
97.4%
White Chocolate
95.8%
White Wine
95.1%
Egg White
91.6%
White Rabbit
84.8%
Snow White
83.7%
White Russian
76.6%
% Correct
White Gold
69.9%
White Cliffs of Dover
67.8%
Barry White
65.1%
Walter White
61.7%
White Queen
57.5%
White Walker
46.8%
Carrie White
45.2%
White Christmas
45.1%
White Fang
41.6%

You're not logged in!

Compare scores with friends on all Sporcle quizzes.
OR
Log In

You Might Also Like...

Show Comments

Extras

Top Quizzes Today


Score Distribution

Your Account Isn't Verified!

In order to create a playlist on Sporcle, you need to verify the email address you used during registration. Go to your Sporcle Settings to finish the process.

Report this User

Report this user for behavior that violates our Community Guidelines.

Details: